Normal view MARC view

Entry Uniform Title

Number of records used in: 2

001 - CONTROL NUMBER

  • control field: 54328

003 - CONTROL NUMBER IDENTIFIER

  • control field: dpl

005 - DATE AND TIME OF LATEST TRANSACTION

  • control field: 20121214112644.0

008 - FIXED-LENGTH DATA ELEMENTS

  • fixed length control field: 121214|||a|||||| | ||| d

040 ## - CATALOGING SOURCE

  • Original cataloging agency: dpl
  • Transcribing agency: dpl

130 ## - HEADING--UNIFORM TITLE

  • Uniform title: Know About Science

670 ## - SOURCE DATA FOUND

  • Source citation: Work cat.: (dpl)61031: Chawla, Anuj 54327, The Universe /, 2010

670 ## - SOURCE DATA FOUND

  • Source citation: Work cat.: (dpl)61031: Chawla, Anuj 54327, The Universe /, 2010

© Delhi Public Library
Hit Counter
free hit counter